| 000 | 00913cab a22002055a 4500 | ||
|---|---|---|---|
| 001 | L141491 | ||
| 008 | 071127e20071121xxkd f s 000 0 eng d | ||
| 035 | _a(Sirsi) u141491 | ||
| 041 | 0 | _aeng | |
| 100 | 1 | _aWatson, Kathy | |
| 245 | 0 | 0 | _aAll busy on the western front |
| 260 | _c2007 | ||
| 490 | 0 |
_aBuilding _v440(6652) 21 November 2007, 15-17(3) |
|
| 520 | _aHighlights the challenges and opportunities facing contractors in the West Midlands and provides an overview of the region's construction market. Construction output in the West Midlands is forecast to increase by 1.6% a year from 2007 to 2011, with private commercial and infrastructure being the strongest sectors. Construction employment is expected to reach 248 000 by 2011, a 7% increase on 2007. | ||
| 590 | _aKA | ||
| 651 | 4 | _aWest Midlands | |
| 690 | _aBUILT ENVIRONMENT-CONSTRUCTION MARKET | ||
| 700 | 1 | _aSergeant, Amanda | |
| 942 | _n0 | ||
| 999 |
_c79511 _d79511 |
||